TV Show by Kids Quiz Stats

 Plays Quiz Updated Oct 9, 2018

Challenge
Share
Tweet
Embed
Score 0/50 Timer 10:00
4 Plays Today
Children TV Show % Correct
Marcia, Jan, Cindy, Peter, Bobby, GregThe Brady Bunch
93.5%
Bart, Maggie, LisaThe Simpsons
86.6%
Ross, MonicaFriends
80.6%
Stewie, Meg, ChrisFamily Guy
79%
Wednesday, PugsleyThe Addams Family
76.7%
Stephanie, D.J., MichelleFull House
73.4%
Rudy, Theo, Sondra, Denise, VanessaThe Cosby Show
70.3%
Carlton, Ashley, Hilary, NickyThe Fresh Prince of Bel Air
67.3%
Jackson, MileyHannah Montana
64.8%
Chuck, Joanie, RichieHappy Days
61.7%
Kelly, BudMarried... with Children
58.3%
Judy, ElroyThe Jetsons
58.3%
Kimberly, Willis, Arnold, SamDiff'rent Strokes
55.7%
Darlene, D.J., Becky, Jerry GarciaRoseanne
55.1%
OpieThe Andy Griffith Show
54.8%
Brad, Randy, MarkHome Improvement
53.7%
John-Boy, Jason, Mary Ellen, Erin, Ben, Jim-Bob, ElizabethThe Waltons
53.2%
Wally, TheodoreLeave It to Beaver
51%
Tabitha, AdamBewitched
51%
Mallory, Alex, Jennifer, AndyFamily Ties
50.7%
Bobby, J.R., Gary, RayDallas
50.5%
Elly MayThe Beverly Hillbillies
47.9%
Brandon, BrendaBeverly Hills 90210
47.9%
Matt, Simon, Mary, Lucy, Ruthie, Sam, David7th Heaven
43.6%
Ben, Carol, Mike, ChrissyGrowing Pains
43.4%
Children TV Show % Correct
Eddie, Laura, Judy, 3JFamily Matters
39.2%
Prudence, Piper, Paige, PhoebeCharmed
38.6%
Meadow, A.J.The Sopranos
37.8%
Mary, Albert, Laura, Carrie, Grace, CharlesLittle House on the Prairie
37.5%
Hoss, Adam, Little Joe, JamieBonanza
36.9%
Cory, Joshua, Eric, MorganBoy Meets World
36.9%
David, Joanie, Susan, Nancy, Mary, Elizabeth, Tommy, NicholasEight is Enough
35.5%
Sookie, JasonTrue Blood
35.5%
Kevin, Karen, WayneThe Wonder Years
34.9%
Mike, Chip, Ernie, Dodie, RobbieMy Three Sons
31.9%
Keith, Laurie, Tracy, Chris, DannyThe Partridge Family
31.5%
Michael, Thelma, J.J.Good Times
29.6%
Dana, Karen, Mark, J.T., Al, Brendan, LillyStep by Step
26%
Byron, Michael, George, Lindsay, AnnyongArrested Development
24.8%
Bailey, Charlie, Claudia, Julia, OwenParty of Five
22.9%
Maggie, Brighton, GraceThe Nanny
22.7%
Haley, Alex, LukeModern Family
21.6%
Buffy, Jody, CissyFamily Affair
19.7%
Raj, DeeWhat's Happening!!
17.3%
Stan, ShelleySouth Park
17.3%
Nate, David, ClaireSix Feet Under
13%
MearthMork and Mindy
12.3%
Anthony, Serafina, Gino, Anne Marie, Lucinda, Ludlow, Elvis, JesseCheers
11.6%
Kitty, Tommy, Sarah, Kevin, JustinBrothers & Sisters
11.4%
Silas, Shane, Stevie RayWeeds
11.1%

You're not logged in!

Compare scores with friends on all Sporcle quizzes.
Join for Free
OR
Log In

You Might Also Like...

Show Comments

Extras

Top Quizzes Today


Score Distribution

Your Account Isn't Verified!

In order to create a playlist on Sporcle, you need to verify the email address you used during registration. Go to your Sporcle Settings to finish the process.

Report this User

Report this user for behavior that violates our Community Guidelines.

Details: